Statistics for Top 20 Fruits Sold in the U.S.

Click here to take the quiz!

General Stats

  • This quiz has been taken 17,027 times
    (16,982 since last reset)
  • The average score is 13 of 20

Answer Stats

%Fruit% Correct
69Apple
99%
56Orange
98%
73Banana
94%
62Grape
85%
62Strawberry
84%
45Blueberry
76%
32Pear
72%
54Watermelon
70%
31Raspberry
69%
42Peach
66%
48Lemon
65%
42Pineapple
61%
28Blackberry
56%
33Lime
55%
23Mango
52%
34Cherry
47%
23Plum
46%
39Avocado
40%
38Cantaloupe
38%
22Honey Dew
26%

Score Distribution

Percentile by Number Answered

Percent of People with Each Score

Your Score History

You have not taken this quiz since the last reset